Datum a čas kvízu
20
Celkem bodů
Celkový počet nahraných bodů na tomto kvízu bez doplňovacích otázek.
17.
Pořadí na kvízu
Konečné umístění týmu na tomto kvízu.
Zaznamenané odpovědi
| # | Otázka | Odpověď | Body | Výsledky |
|---|---|---|---|---|
| 1. | Která sedmipodlažní budova obc... | Kotva | 0 | |
| 2. | Na poslední chvíli se přihlási... | Igor Matovič | 1 | |
| 3. | Která poměrně mladá zpěvačka z... | Billie Eilish | 0 | |
| 4. | V pondělí byl slavnostně otevř... | v Otrokovicích | 1 | |
| 5. | Trenér Jaroslav Šilhavý po ned... | Omán | 0 | |
| 6. | Ve třetím díle cestovatelského... | Jeseník | 0 | |
| 7. | Stále větší oblibě cestovatelů... | portugalština | 0 | |
| 8. | Kdepak Paříž. Ve kterém městě... | v Las Vegas | 1 | |
| 9. | S písmenem M se vracíme do Čes... | v Mníšku pod Brdy | 0 | |
| 10. | Ve kterém století byl vybudová... | v 19. století | 0 |